000 00696nam a22002057a 4500
999 _c8922
_d8922
003 AR-CdUCM
008 190327b ||||| |||| 00| 0 spa d
020 _a978-607-618-249-9
040 _aMUNICIPALIDAD PROVINCIAL DEL CUSCO
_cBIBLIOTECA MUNICIPAL DEL CUSCO
082 _aSI-0011 /
_bHUE / cue
100 _aHuet-Gomez, Christelle
_924780
245 _aCuentos de Andersen :
_bLa sirenita ; El patito feo ; La princesa el guisante /
260 _aMéxico :
_bAdvanced Marketing,
_c2015.
300 _a30 páginas ;
_c22.5 cm.
650 _aCuentos infantiles
_914480
650 _aSiglo XXI
_92856
700 _aRochut, Jean-Noel (ilustraciones)
_924732
942 _2ddc
_cLIBROS
945 _aafb